000 00673nam a2200289Ia 4500
005 20260324120735.0
008 008 260324s9999 xx 000 0 eng d
020 _a9781315780788
037 _aEBOOK
040 _aCRL
040 _beng
040 _cCRL
041 _2eng
041 _aeng
084 _qCRL
100 _aGraham Priest; Damon Young
_91159781
245 0 _aPhilosophy and the Martial Arts
245 0 _bEngagement
260 _bTaylor and Francis
260 _c2014
365 _a
365 _b255
856 _uhttp://www.taylorfrancis.com/books/9781315780788
942 _cEBOOK
999 _c1751465
_d1751465